00469 2200181 4500001002100000005001700021008004100038035002500079040001200104082001000116084001600126245002800142260003500170300003200205650002000237850001200257990001800269INLIS00000000001144220150831092251.0  a0010-081500000002880 aYOPDYOG a352.3 aR 352.3 Mem aMembangun Pilar Harapan aJakartacDPU Cipta Karyac2009 a225 hlm. :bilus. ;c24 cm. aPemukiman Kumuh aYOPDYOG a41192-PD/A.10